[Event "April 9 Late 2024"]
[Site "Chess.com"]
[Date "2024.04.09"]
[Round "8"]
[White "Coe, William"]
[Black "Li, Hui"]
[Result "0-1"]
[Board "120"]
[WhiteFideId "30913624"]
[BlackFideId "15400310"]
[BlackTitle "CM"]
[WhiteElo "2189"]
[BlackElo "2374"]
[WhiteTeam "USA"]
[BlackTeam "MAC"]
[WhiteClock "0:00:00"]
[BlackClock "0:00:22"]
[Variant "Standard"]

1. e4 {[%clk 0:03:00]}  e5 {[%clk 0:02:57]} 2. Nf3 {[%clk 0:03:01]}  Nf6 {[%clk 0:02:57]} 3. Nxe5 {[%clk 0:02:58]}  d6 {[%clk 0:02:57]} 4. Nf3 {[%clk 0:02:58]}  Nxe4 {[%clk 0:02:57]} 5. d4 {[%clk 0:02:59]}  d5 {[%clk 0:02:57]} 6. Bd3 {[%clk 0:02:59]}  Nc6 {[%clk 0:02:57]} 7. O-O {[%clk 0:02:58]}  Be7 {[%clk 0:02:56]} 8. Re1 {[%clk 0:02:57]}  Bg4 {[%clk 0:02:56]} 9. Bxe4 {[%clk 0:02:54]}  dxe4 {[%clk 0:02:56]} 10. Rxe4 {[%clk 0:02:55]}  Bxf3 {[%clk 0:02:56]} 11. Qxf3 {[%clk 0:02:52]}  Nxd4 {[%clk 0:02:56]} 12. Qd1 {[%clk 0:02:51]}  Ne6 {[%clk 0:02:56]} 13. Qxd8+ {[%clk 0:02:46]}  Rxd8 {[%clk 0:02:55]} 14. Nc3 {[%clk 0:02:47]}  O-O {[%clk 0:02:53]} 15. Be3 {[%clk 0:02:41]}  Bf6 {[%clk 0:02:51]} 16. Rc4 {[%clk 0:02:26]}  a6 {[%clk 0:02:37]} 17. a4 {[%clk 0:02:25]}  c6 {[%clk 0:02:35]} 18. f3 {[%clk 0:02:21]}  Bd4 {[%clk 0:02:22]} 19. Kf2 {[%clk 0:02:18]}  Bxe3+ {[%clk 0:02:19]} 20. Kxe3 {[%clk 0:02:19]}  Rfe8 {[%clk 0:02:20]} 21. Re4 {[%clk 0:02:16]}  f5 {[%clk 0:02:17]} 22. Re5 {[%clk 0:02:16]}  Kf7 {[%clk 0:02:07]} 23. Re1 {[%clk 0:02:11]}  Nd4 {[%clk 0:01:55]} 24. Rxe8 {[%clk 0:01:49]}  Rxe8+ {[%clk 0:01:50]} 25. Kf2 {[%clk 0:01:46]}  Rxe1 {[%clk 0:01:47]} 26. Kxe1 {[%clk 0:01:47]}  Nxc2+ {[%clk 0:01:48]} 27. Kd2 {[%clk 0:01:44]}  Nb4 {[%clk 0:01:47]} 28. Ne2 {[%clk 0:01:42]}  Ke6 {[%clk 0:01:46]} 29. Kc3 {[%clk 0:01:43]}  Nd5+ {[%clk 0:01:46]} 30. Kd4 {[%clk 0:01:42]}  b6 {[%clk 0:01:41]} 31. Nc1 {[%clk 0:01:37]}  c5+ {[%clk 0:01:39]} 32. Kd3 {[%clk 0:01:37]}  Nf4+ {[%clk 0:01:38]} 33. Kc4 {[%clk 0:01:32]}  Nxg2 {[%clk 0:01:36]} 34. a5 {[%clk 0:01:33]}  bxa5 {[%clk 0:01:36]} 35. Kxc5 {[%clk 0:01:32]}  Ne1 {[%clk 0:01:31]} 36. f4 {[%clk 0:01:30]}  Nf3 {[%clk 0:01:27]} 37. h3 {[%clk 0:01:30]}  h5 {[%clk 0:01:12]} 38. Kb6 {[%clk 0:01:24]}  Nd2 {[%clk 0:00:57]} 39. Kxa5 {[%clk 0:01:20]}  Nc4+ {[%clk 0:00:57]} 40. Kxa6 {[%clk 0:01:20]}  Nxb2 {[%clk 0:00:57]} 41. Kb5 {[%clk 0:01:19]}  Kd5 {[%clk 0:00:55]} 42. Kb4 {[%clk 0:01:18]}  Ke4 {[%clk 0:00:55]} 43. Kc3 {[%clk 0:01:16]}  Na4+ {[%clk 0:00:52]} 44. Kb4 {[%clk 0:01:12]}  Nb6 {[%clk 0:00:52]} 45. Kc5 {[%clk 0:01:12]}  Nd7+ {[%clk 0:00:47]} 46. Kd6 {[%clk 0:01:11]}  Nb6 {[%clk 0:00:42]} 47. Kc5 {[%clk 0:01:07]}  Na4+ {[%clk 0:00:39]} 48. Kb4 {[%clk 0:01:04]}  Nb2 {[%clk 0:00:39]} 49. Kc3 {[%clk 0:01:04]}  Nd1+ {[%clk 0:00:40]} 50. Kd2 {[%clk 0:00:59]}  Nf2 {[%clk 0:00:40]} 51. Ne2 {[%clk 0:00:55]}  Nxh3 {[%clk 0:00:39]} 52. Ng3+ {[%clk 0:00:54]}  Kxf4 {[%clk 0:00:38]} 53. Nxh5+ {[%clk 0:00:54]}  Kg4 {[%clk 0:00:32]} 54. Nxg7 {[%clk 0:00:54]}  f4 {[%clk 0:00:32]} 55. Ne6 {[%clk 0:00:35]}  f3 {[%clk 0:00:32]} 56. Nd4 {[%clk 0:00:27]}  f2 {[%clk 0:00:31]} 57. Ke2 {[%clk 0:00:27]}  Kg3 {[%clk 0:00:31]} 58. Nf5+ {[%clk 0:00:23]}  Kg2 {[%clk 0:00:29]} 59. Ne3+ {[%clk 0:00:22]}  Kg1 {[%clk 0:00:30]} 60. Kf3 {[%clk 0:00:20]}  Ng5+ {[%clk 0:00:26]} 61. Ke2 {[%clk 0:00:20]}  Ne4 {[%clk 0:00:25]} 62. Kf3 {[%clk 0:00:12]}  Nc3 {[%clk 0:00:24]} 63. Kg3 {[%clk 0:00:00]}  Nd5 {[%clk 0:00:22]} 0-1

[Event "April 9 Late 2024"]
[Site "Chess.com"]
[Date "2024.04.09"]
[Round "8"]
[White "Sena, Juan"]
[Black "Playa, Marcelo"]
[Result "1-0"]
[Board "121"]
[WhiteFideId "6400272"]
[BlackFideId "102202"]
[BlackTitle "IM"]
[WhiteElo "2184"]
[BlackElo "2363"]
[WhiteTeam "DOM"]
[BlackTeam "ARG"]
[WhiteClock "0:01:02"]
[BlackClock "0:00:33"]
[Variant "Standard"]

1. e4 {[%clk 0:03:00]}  e6 {[%clk 0:03:00]} 2. d4 {[%clk 0:03:00]}  d5 {[%clk 0:02:59]} 3. Nc3 {[%clk 0:03:01]}  Bb4 {[%clk 0:02:59]} 4. e5 {[%clk 0:03:00]}  c5 {[%clk 0:02:59]} 5. a3 {[%clk 0:02:59]}  Bxc3+ {[%clk 0:02:59]} 6. bxc3 {[%clk 0:02:59]}  Ne7 {[%clk 0:02:59]} 7. Qg4 {[%clk 0:02:59]}  Qc7 {[%clk 0:02:59]} 8. Qxg7 {[%clk 0:02:59]}  Rg8 {[%clk 0:02:59]} 9. Qxh7 {[%clk 0:03:00]}  cxd4 {[%clk 0:03:00]} 10. Ne2 {[%clk 0:02:59]}  dxc3 {[%clk 0:02:59]} 11. f4 {[%clk 0:02:59]}  Nbc6 {[%clk 0:02:59]} 12. Qd3 {[%clk 0:02:58]}  Bd7 {[%clk 0:02:59]} 13. Rb1 {[%clk 0:02:49]}  Rc8 {[%clk 0:02:58]} 14. h4 {[%clk 0:02:48]}  Na5 {[%clk 0:02:53]} 15. h5 {[%clk 0:02:44]}  Qc4 {[%clk 0:02:53]} 16. h6 {[%clk 0:02:43]}  Qxd3 {[%clk 0:02:52]} 17. cxd3 {[%clk 0:02:43]}  b6 {[%clk 0:02:41]} 18. h7 {[%clk 0:02:41]}  Rh8 {[%clk 0:02:41]} 19. Ng3 {[%clk 0:02:40]}  d4 {[%clk 0:02:33]} 20. Ne4 {[%clk 0:02:37]}  Kf8 {[%clk 0:02:22]} 21. Nf6 {[%clk 0:02:37]}  Ba4 {[%clk 0:02:18]} 22. g4 {[%clk 0:02:22]}  Nd5 {[%clk 0:02:12]} 23. f5 {[%clk 0:01:42]}  Ne3 {[%clk 0:01:54]} 24. fxe6 {[%clk 0:01:29]}  fxe6 {[%clk 0:01:51]} 25. g5 {[%clk 0:01:27]}  Nb3 {[%clk 0:01:46]} 26. g6 {[%clk 0:01:21]}  Nxc1 {[%clk 0:01:42]} 27. Rxc1 {[%clk 0:01:20]}  Kg7 {[%clk 0:01:42]} 28. Rg1 {[%clk 0:01:18]}  Nxf1 {[%clk 0:01:04]} 29. Kxf1 {[%clk 0:01:16]}  Rcf8 {[%clk 0:01:03]} 30. Ke2 {[%clk 0:01:12]}  Bc6 {[%clk 0:00:46]} 31. Nh5+ {[%clk 0:01:06]}  Kh6 {[%clk 0:00:46]} 32. g7 {[%clk 0:01:04]}  Bf3+ {[%clk 0:00:46]} 33. Ke1 {[%clk 0:01:03]}  Bxh5 {[%clk 0:00:45]} 34. g8=Q {[%clk 0:01:01]}  Rhxg8 {[%clk 0:00:33]} 35. hxg8=Q {[%clk 0:01:02]} 1-0

[Event "April 9 Late 2024"]
[Site "Chess.com"]
[Date "2024.04.09"]
[Round "8"]
[White "Haszon, David"]
[Black "Antunes, Luciano Justi"]
[Result "1-0"]
[Board "122"]
[WhiteFideId "733610"]
[BlackFideId "2126893"]
[WhiteTitle "FM"]
[WhiteElo "2333"]
[BlackElo "2149"]
[WhiteTeam "HUN"]
[BlackTeam "BRA"]
[WhiteClock "0:00:59"]
[BlackClock "0:00:00"]
[Variant "Standard"]

1. e4 {[%clk 0:02:58]}  c5 {[%clk 0:02:57]} 2. Nf3 {[%clk 0:02:54]}  Nc6 {[%clk 0:02:52]} 3. d4 {[%clk 0:02:53]}  cxd4 {[%clk 0:02:51]} 4. Nxd4 {[%clk 0:02:53]}  Nf6 {[%clk 0:02:52]} 5. Nc3 {[%clk 0:02:53]}  e5 {[%clk 0:02:51]} 6. Ndb5 {[%clk 0:02:53]}  d6 {[%clk 0:02:51]} 7. Bg5 {[%clk 0:02:52]}  a6 {[%clk 0:02:51]} 8. Na3 {[%clk 0:02:50]}  b5 {[%clk 0:02:51]} 9. Bxf6 {[%clk 0:02:49]}  gxf6 {[%clk 0:02:50]} 10. Nd5 {[%clk 0:02:49]}  Bg7 {[%clk 0:02:50]} 11. g3 {[%clk 0:02:48]}  O-O {[%clk 0:02:46]} 12. Bg2 {[%clk 0:02:46]}  Ne7 {[%clk 0:02:44]} 13. O-O {[%clk 0:02:44]}  Bb7 {[%clk 0:02:41]} 14. c3 {[%clk 0:02:43]}  f5 {[%clk 0:02:30]} 15. exf5 {[%clk 0:02:38]}  Nxf5 {[%clk 0:02:14]} 16. Qg4 {[%clk 0:02:37]}  Bxd5 {[%clk 0:02:08]} 17. Bxd5 {[%clk 0:02:36]}  Nh6 {[%clk 0:02:07]} 18. Qh3 {[%clk 0:02:30]}  Rb8 {[%clk 0:01:55]} 19. Nc2 {[%clk 0:02:28]}  Kh8 {[%clk 0:01:41]} 20. Rad1 {[%clk 0:02:23]}  a5 {[%clk 0:01:30]} 21. Rd2 {[%clk 0:02:13]}  f5 {[%clk 0:01:27]} 22. Rfd1 {[%clk 0:02:12]}  Rf6 {[%clk 0:01:15]} 23. Bc6 {[%clk 0:01:50]}  Qc7 {[%clk 0:01:04]} 24. Bd5 {[%clk 0:01:47]}  Ng4 {[%clk 0:00:55]} 25. Qg2 {[%clk 0:01:39]}  Rh6 {[%clk 0:00:50]} 26. h3 {[%clk 0:01:37]}  Nf6 {[%clk 0:00:47]} 27. Ne3 {[%clk 0:01:36]}  Qc8 {[%clk 0:00:30]} 28. Bb3 {[%clk 0:01:31]}  f4 {[%clk 0:00:22]} 29. Nd5 {[%clk 0:01:26]}  fxg3 {[%clk 0:00:17]} 30. fxg3 {[%clk 0:01:24]}  Nxd5 {[%clk 0:00:13]} 31. Rxd5 {[%clk 0:01:21]}  Rxh3 {[%clk 0:00:10]} 32. Rxd6 {[%clk 0:01:21]}  Qc5+ {[%clk 0:00:03]} 33. Kf1 {[%clk 0:00:59]}  Rf8+ {[%clk 0:00:00]} 34. Ke1 {[%clk 0:00:59]} 1-0

[Event "April 9 Late 2024"]
[Site "Chess.com"]
[Date "2024.04.09"]
[Round "8"]
[White "Martinez Lopez, David"]
[Black "Cramling Bellon, Anna"]
[Result "1-0"]
[Board "123"]
[WhiteFideId "22235779"]
[BlackFideId "32009232"]
[WhiteTitle "FM"]
[BlackTitle "WFM"]
[WhiteElo "2332"]
[BlackElo "2095"]
[WhiteTeam "ESP"]
[BlackTeam "SWE"]
[WhiteClock "0:00:08"]
[BlackClock "0:00:02"]
[Variant "Standard"]

1. e4 {[%clk 0:02:59]}  c5 {[%clk 0:03:00]} 2. Nf3 {[%clk 0:02:59]}  e6 {[%clk 0:03:00]} 3. d4 {[%clk 0:02:58]}  cxd4 {[%clk 0:03:01]} 4. Nxd4 {[%clk 0:02:59]}  Nf6 {[%clk 0:03:02]} 5. Nc3 {[%clk 0:02:58]}  Nc6 {[%clk 0:03:02]} 6. Nxc6 {[%clk 0:02:58]}  bxc6 {[%clk 0:03:02]} 7. e5 {[%clk 0:02:58]}  Nd5 {[%clk 0:03:02]} 8. Ne4 {[%clk 0:02:58]}  Qc7 {[%clk 0:03:03]} 9. f4 {[%clk 0:02:58]}  Rb8 {[%clk 0:03:03]} 10. a3 {[%clk 0:02:50]}  Qb6 {[%clk 0:02:49]} 11. c4 {[%clk 0:02:43]}  Ne3 {[%clk 0:02:45]} 12. Qd3 {[%clk 0:02:43]}  Nxf1 {[%clk 0:02:33]} 13. Rxf1 {[%clk 0:02:44]}  d5 {[%clk 0:01:58]} 14. exd6 {[%clk 0:02:39]}  f5 {[%clk 0:01:58]} 15. Nc3 {[%clk 0:02:00]}  Qc5 {[%clk 0:01:55]} 16. Be3 {[%clk 0:01:29]}  Qxd6 {[%clk 0:01:53]} 17. Qxd6 {[%clk 0:01:25]}  Bxd6 {[%clk 0:01:54]} 18. O-O-O {[%clk 0:01:25]}  Ke7 {[%clk 0:01:39]} 19. Bxa7 {[%clk 0:01:23]}  Ra8 {[%clk 0:01:14]} 20. Bd4 {[%clk 0:01:22]}  Ba6 {[%clk 0:01:13]} 21. c5 {[%clk 0:01:13]}  Bc7 {[%clk 0:01:00]} 22. Rf2 {[%clk 0:01:13]}  Rhg8 {[%clk 0:00:54]} 23. Be5 {[%clk 0:01:04]}  Bxe5 {[%clk 0:00:15]} 24. fxe5 {[%clk 0:01:05]}  Bc4 {[%clk 0:00:11]} 25. Rd6 {[%clk 0:01:02]}  Rac8 {[%clk 0:00:05]} 26. b4 {[%clk 0:00:49]}  Bd5 {[%clk 0:00:03]} 27. Kb2 {[%clk 0:00:40]}  Rgd8 {[%clk 0:00:03]} 28. Nxd5+ {[%clk 0:00:38]}  cxd5 {[%clk 0:00:03]} 29. Kc3 {[%clk 0:00:34]}  g5 {[%clk 0:00:03]} 30. Kd4 {[%clk 0:00:30]}  Rxd6 {[%clk 0:00:03]} 31. exd6+ {[%clk 0:00:27]}  Kf6 {[%clk 0:00:03]} 32. Re2 {[%clk 0:00:26]}  Re8 {[%clk 0:00:03]} 33. d7 {[%clk 0:00:24]}  Rd8 {[%clk 0:00:03]} 34. c6 {[%clk 0:00:24]}  Ke7 {[%clk 0:00:03]} 35. Kc5 {[%clk 0:00:24]}  Ra8 {[%clk 0:00:02]} 36. Ra2 {[%clk 0:00:17]}  f4 {[%clk 0:00:01]} 37. b5 {[%clk 0:00:16]}  g4 {[%clk 0:00:01]} 38. b6 {[%clk 0:00:16]}  Ra4 {[%clk 0:00:01]} 39. c7 {[%clk 0:00:13]}  Rc4+ {[%clk 0:00:02]} 40. Kb5 {[%clk 0:00:13]}  Kxd7 {[%clk 0:00:02]} 41. a4 {[%clk 0:00:11]}  Kc8 {[%clk 0:00:02]} 42. a5 {[%clk 0:00:10]}  f3 {[%clk 0:00:03]} 43. gxf3 {[%clk 0:00:09]}  gxf3 {[%clk 0:00:04]} 44. a6 {[%clk 0:00:09]}  Rc3 {[%clk 0:00:02]} 45. Rf2 {[%clk 0:00:09]}  Rb3+ {[%clk 0:00:02]} 46. Kc5 {[%clk 0:00:08]}  Rc3+ {[%clk 0:00:03]} 47. Kd6 {[%clk 0:00:08]}  Ra3 {[%clk 0:00:02]} 48. b7# {[%clk 0:00:08]} 1-0

[Event "April 9 Late 2024"]
[Site "Chess.com"]
[Date "2024.04.09"]
[Round "8"]
[White "Floresvillar Gonzalez, Luis Migu"]
[Black "Ferriz Barrios, Andres"]
[Result "0-1"]
[Board "124"]
[WhiteFideId "5100542"]
[BlackFideId "5104467"]
[WhiteTitle "CM"]
[BlackTitle "FM"]
[WhiteElo "2143"]
[BlackElo "2331"]
[WhiteTeam "MEX"]
[BlackTeam "MEX"]
[WhiteClock "0:01:09"]
[BlackClock "0:01:34"]
[Variant "Standard"]

1. d4 {[%clk 0:03:00]}  d5 {[%clk 0:02:58]} 2. c3 {[%clk 0:03:00]}  Nf6 {[%clk 0:02:58]} 3. Bg5 {[%clk 0:03:01]}  e6 {[%clk 0:02:58]} 4. Nd2 {[%clk 0:03:01]}  Be7 {[%clk 0:02:58]} 5. e3 {[%clk 0:03:01]}  b6 {[%clk 0:02:58]} 6. Bd3 {[%clk 0:03:00]}  Bb7 {[%clk 0:02:58]} 7. f4 {[%clk 0:02:59]}  Ne4 {[%clk 0:02:58]} 8. Bxe7 {[%clk 0:02:57]}  Qxe7 {[%clk 0:02:58]} 9. Ngf3 {[%clk 0:02:56]}  Nd7 {[%clk 0:02:58]} 10. O-O {[%clk 0:02:51]}  O-O {[%clk 0:02:58]} 11. Ne5 {[%clk 0:02:51]}  f6 {[%clk 0:02:56]} 12. Nxd7 {[%clk 0:02:50]}  Qxd7 {[%clk 0:02:57]} 13. Nxe4 {[%clk 0:02:46]}  dxe4 {[%clk 0:02:58]} 14. Bc4 {[%clk 0:02:46]}  Bd5 {[%clk 0:02:58]} 15. Qe2 {[%clk 0:02:36]}  f5 {[%clk 0:02:58]} 16. b3 {[%clk 0:02:35]}  c6 {[%clk 0:02:58]} 17. Ba6 {[%clk 0:02:28]}  c5 {[%clk 0:02:57]} 18. Bc4 {[%clk 0:02:22]}  cxd4 {[%clk 0:02:55]} 19. cxd4 {[%clk 0:02:21]}  Rac8 {[%clk 0:02:54]} 20. Rac1 {[%clk 0:02:21]}  Rc7 {[%clk 0:02:50]} 21. Rc2 {[%clk 0:02:20]}  Rfc8 {[%clk 0:02:49]} 22. Rfc1 {[%clk 0:02:21]}  b5 {[%clk 0:02:37]} 23. Bxd5 {[%clk 0:02:16]}  Rxc2 {[%clk 0:02:34]} 24. Bxe6+ {[%clk 0:02:16]}  Qxe6 {[%clk 0:02:34]} 25. Rxc2 {[%clk 0:02:15]}  a6 {[%clk 0:02:23]} 26. Rxc8+ {[%clk 0:02:14]}  Qxc8 {[%clk 0:02:24]} 27. Qd2 {[%clk 0:02:13]}  Kf7 {[%clk 0:02:20]} 28. h3 {[%clk 0:02:14]}  Ke6 {[%clk 0:02:21]} 29. Kf2 {[%clk 0:02:14]}  Kd5 {[%clk 0:02:21]} 30. g3 {[%clk 0:02:12]}  h6 {[%clk 0:02:19]} 31. Ke2 {[%clk 0:02:10]}  Qe8 {[%clk 0:02:15]} 32. g4 {[%clk 0:01:59]}  fxg4 {[%clk 0:02:14]} 33. hxg4 {[%clk 0:01:59]}  Qg6 {[%clk 0:02:14]} 34. g5 {[%clk 0:01:49]}  hxg5 {[%clk 0:02:14]} 35. Qb4 {[%clk 0:01:50]}  Qh5+ {[%clk 0:02:13]} 36. Kd2 {[%clk 0:01:49]}  Qh2+ {[%clk 0:02:12]} 37. Kc1 {[%clk 0:01:47]}  Qg1+ {[%clk 0:02:11]} 38. Kb2 {[%clk 0:01:46]}  Qf2+ {[%clk 0:02:09]} 39. Ka3 {[%clk 0:01:44]}  Qxe3 {[%clk 0:02:06]} 40. Qc5+ {[%clk 0:01:44]}  Ke6 {[%clk 0:02:06]} 41. Qe5+ {[%clk 0:01:43]}  Kd7 {[%clk 0:02:04]} 42. fxg5 {[%clk 0:01:35]}  Qc1+ {[%clk 0:02:00]} 43. Kb4 {[%clk 0:01:34]}  Qd2+ {[%clk 0:01:59]} 44. Ka3 {[%clk 0:01:32]}  Qa5+ {[%clk 0:01:57]} 45. Kb2 {[%clk 0:01:32]}  Qd2+ {[%clk 0:01:49]} 46. Ka3 {[%clk 0:01:30]}  Qc1+ {[%clk 0:01:49]} 47. Kb4 {[%clk 0:01:28]}  Qd2+ {[%clk 0:01:37]} 48. Kc5 {[%clk 0:01:28]}  Qc3+ {[%clk 0:01:35]} 49. Kb6 {[%clk 0:01:23]}  Qc6+ {[%clk 0:01:35]} 50. Ka5 {[%clk 0:01:17]}  Qc7+ {[%clk 0:01:35]} 51. Kxa6 {[%clk 0:01:16]}  Qxe5 {[%clk 0:01:34]} 52. dxe5 {[%clk 0:01:17]}  e3 {[%clk 0:01:35]} 53. a4 {[%clk 0:01:13]}  bxa4 {[%clk 0:01:35]} 54. bxa4 {[%clk 0:01:11]}  e2 {[%clk 0:01:35]} 55. a5 {[%clk 0:01:12]}  e1=Q {[%clk 0:01:35]} 56. g6 {[%clk 0:01:10]}  Qb1 {[%clk 0:01:34]} 57. Ka7 {[%clk 0:01:09]}  Kc7 {[%clk 0:01:35]} 58. a6 {[%clk 0:01:09]}  Qb8# {[%clk 0:01:34]} 0-1

[Event "April 9 Late 2024"]
[Site "Chess.com"]
[Date "2024.04.09"]
[Round "8"]
[White "Winkels, Marcel"]
[Black "Vifleemskaia, Svetlana"]
[Result "0-1"]
[Board "125"]
[WhiteFideId "1003887"]
[BlackFideId "4129490"]
[WhiteTitle "CM"]
[BlackTitle "WFM"]
[WhiteElo "2057"]
[BlackElo "2318"]
[WhiteTeam "NED"]
[BlackTeam "RUS"]
[WhiteClock "0:00:00"]
[BlackClock "0:00:33"]
[Variant "Standard"]

1. e4 {[%clk 0:03:00]}  e5 {[%clk 0:02:59]} 2. Nf3 {[%clk 0:03:01]}  Nc6 {[%clk 0:02:58]} 3. Bc4 {[%clk 0:03:01]}  Nf6 {[%clk 0:02:58]} 4. d3 {[%clk 0:03:00]}  Be7 {[%clk 0:02:57]} 5. Bg5 {[%clk 0:02:59]}  O-O {[%clk 0:02:58]} 6. Nc3 {[%clk 0:02:51]}  h6 {[%clk 0:02:57]} 7. Bh4 {[%clk 0:02:49]}  d6 {[%clk 0:02:57]} 8. h3 {[%clk 0:02:43]}  Na5 {[%clk 0:02:51]} 9. Bb3 {[%clk 0:02:42]}  Nxb3 {[%clk 0:02:51]} 10. axb3 {[%clk 0:02:42]}  a6 {[%clk 0:02:51]} 11. Qd2 {[%clk 0:02:42]}  Nxe4 {[%clk 0:02:42]} 12. dxe4 {[%clk 0:02:04]}  Bxh4 {[%clk 0:02:40]} 13. Nxh4 {[%clk 0:01:58]}  Qxh4 {[%clk 0:02:39]} 14. O-O-O {[%clk 0:01:58]}  Be6 {[%clk 0:02:37]} 15. g3 {[%clk 0:01:54]}  Qg5 {[%clk 0:02:34]} 16. f4 {[%clk 0:01:54]}  Qxg3 {[%clk 0:02:30]} 17. f5 {[%clk 0:01:51]}  Bd7 {[%clk 0:02:24]} 18. Nd5 {[%clk 0:01:43]}  Bc6 {[%clk 0:02:13]} 19. Rdg1 {[%clk 0:01:38]}  Qh4 {[%clk 0:02:11]} 20. Rg4 {[%clk 0:01:22]}  Qh5 {[%clk 0:02:11]} 21. Rhg1 {[%clk 0:01:09]}  Bxd5 {[%clk 0:02:05]} 22. Rxg7+ {[%clk 0:01:06]}  Kh8 {[%clk 0:02:05]} 23. Qxd5 {[%clk 0:01:06]}  Rg8 {[%clk 0:02:01]} 24. Rxg8+ {[%clk 0:00:50]}  Rxg8 {[%clk 0:02:00]} 25. Rxg8+ {[%clk 0:00:51]}  Kxg8 {[%clk 0:02:00]} 26. Qxb7 {[%clk 0:00:50]}  Qxh3 {[%clk 0:01:44]} 27. Kb1 {[%clk 0:00:49]}  Qf1+ {[%clk 0:01:37]} 28. Ka2 {[%clk 0:00:48]}  Qe1 {[%clk 0:01:37]} 29. Qxc7 {[%clk 0:00:44]}  Qxe4 {[%clk 0:01:30]} 30. Qd8+ {[%clk 0:00:42]}  Kg7 {[%clk 0:01:27]} 31. Qxd6 {[%clk 0:00:35]}  Qxf5 {[%clk 0:01:25]} 32. Qxa6 {[%clk 0:00:34]}  e4 {[%clk 0:01:24]} 33. Qb6 {[%clk 0:00:23]}  Qe5 {[%clk 0:01:13]} 34. Qe3 {[%clk 0:00:20]}  f5 {[%clk 0:01:13]} 35. c4 {[%clk 0:00:18]}  f4 {[%clk 0:01:13]} 36. Qg1+ {[%clk 0:00:19]}  Kf6 {[%clk 0:01:12]} 37. Qb6+ {[%clk 0:00:18]}  Kg5 {[%clk 0:01:04]} 38. c5 {[%clk 0:00:17]}  e3 {[%clk 0:01:01]} 39. c6 {[%clk 0:00:17]}  e2 {[%clk 0:01:00]} 40. c7 {[%clk 0:00:17]}  e1=Q {[%clk 0:00:55]} 41. c8=Q {[%clk 0:00:13]}  Q1a5+ {[%clk 0:00:53]} 42. Qxa5 {[%clk 0:00:12]}  Qxa5+ {[%clk 0:00:54]} 43. Kb1 {[%clk 0:00:12]}  Qe1+ {[%clk 0:00:52]} 44. Ka2 {[%clk 0:00:12]}  Qe5 {[%clk 0:00:49]} 45. Qg8+ {[%clk 0:00:10]}  Kh4 {[%clk 0:00:43]} 46. Qf7 {[%clk 0:00:08]}  Kg4 {[%clk 0:00:40]} 47. Qg6+ {[%clk 0:00:08]}  Qg5 {[%clk 0:00:39]} 48. Qe6+ {[%clk 0:00:07]}  Kg3 {[%clk 0:00:39]} 49. Qd6 {[%clk 0:00:05]}  h5 {[%clk 0:00:34]} 50. b4 {[%clk 0:00:00]}  h4 {[%clk 0:00:33]} 0-1

[Event "April 9 Late 2024"]
[Site "Chess.com"]
[Date "2024.04.09"]
[Round "8"]
[White "Szente Varga, Fruzsina"]
[Black "Smirnov, Timofey"]
[Result "1-0"]
[Board "127"]
[WhiteFideId "712264"]
[BlackFideId "24176427"]
[WhiteTitle "WFM"]
[BlackTitle "FM"]
[WhiteElo "2293"]
[BlackElo "1954"]
[WhiteTeam "HUN"]
[BlackTeam "RUS"]
[WhiteClock "0:01:56"]
[BlackClock "0:00:00"]
[Variant "Standard"]

1. e4 {[%clk 0:03:00]}  e5 {[%clk 0:02:57]} 2. d4 {[%clk 0:02:56]}  exd4 {[%clk 0:02:56]} 3. Qxd4 {[%clk 0:02:56]}  Nc6 {[%clk 0:02:54]} 4. Qe3 {[%clk 0:02:56]}  g6 {[%clk 0:02:48]} 5. Bd2 {[%clk 0:02:54]}  Bg7 {[%clk 0:02:48]} 6. Nc3 {[%clk 0:02:52]}  Nge7 {[%clk 0:02:47]} 7. O-O-O {[%clk 0:02:52]}  d6 {[%clk 0:02:46]} 8. h4 {[%clk 0:02:51]}  Be6 {[%clk 0:02:38]} 9. Nf3 {[%clk 0:02:43]}  Qd7 {[%clk 0:02:36]} 10. Nb5 {[%clk 0:02:24]}  a6 {[%clk 0:02:30]} 11. Nbd4 {[%clk 0:02:24]}  O-O-O {[%clk 0:02:12]} 12. Bc3 {[%clk 0:02:17]}  h5 {[%clk 0:01:48]} 13. Kb1 {[%clk 0:02:17]}  Nxd4 {[%clk 0:01:35]} 14. Nxd4 {[%clk 0:02:17]}  Nc6 {[%clk 0:01:32]} 15. Nxc6 {[%clk 0:02:09]}  Bxc3 {[%clk 0:01:19]} 16. Nxd8 {[%clk 0:02:05]}  Bxa2+ {[%clk 0:00:57]} 17. Kxa2 {[%clk 0:02:00]}  Qa4+ {[%clk 0:00:42]} 18. Kb1 {[%clk 0:02:00]}  Bxb2 {[%clk 0:00:40]} 19. Kxb2 {[%clk 0:01:58]}  Rxd8 {[%clk 0:00:25]} 20. Qb3 {[%clk 0:01:55]}  Qxe4 {[%clk 0:00:19]} 21. f3 {[%clk 0:01:55]}  Qe5+ {[%clk 0:00:16]} 22. Qc3 {[%clk 0:01:56]}  Qe8 {[%clk 0:00:02]} 23. Bc4 {[%clk 0:01:56]}  b5 {[%clk 0:00:00]} 24. Bd5 {[%clk 0:01:56]} 1-0

[Event "April 9 Late 2024"]
[Site "Chess.com"]
[Date "2024.04.09"]
[Round "8"]
[White "Gruca, Miroslav"]
[Black "Kostiukov, Alexandr"]
[Result "0-1"]
[Board "129"]
[WhiteFideId "14905906"]
[BlackFideId "14108100"]
[WhiteTitle "CM"]
[WhiteElo "2229"]
[BlackElo "2244"]
[WhiteTeam "SVK"]
[BlackTeam "UKR"]
[WhiteClock "0:00:00"]
[BlackClock "0:00:46"]
[Variant "Standard"]

1. d4 {[%clk 0:03:00]}  g6 {[%clk 0:02:51]} 2. Nc3 {[%clk 0:02:59]}  Bg7 {[%clk 0:02:51]} 3. e4 {[%clk 0:02:59]}  d6 {[%clk 0:02:52]} 4. Bf4 {[%clk 0:02:58]}  e5 {[%clk 0:02:52]} 5. dxe5 {[%clk 0:02:51]}  dxe5 {[%clk 0:02:52]} 6. Qxd8+ {[%clk 0:02:50]}  Kxd8 {[%clk 0:02:53]} 7. O-O-O+ {[%clk 0:02:49]}  Nd7 {[%clk 0:02:53]} 8. Bg5+ {[%clk 0:02:42]}  f6 {[%clk 0:02:53]} 9. Be3 {[%clk 0:02:40]}  Bh6 {[%clk 0:02:54]} 10. Bxh6 {[%clk 0:02:36]}  Nxh6 {[%clk 0:02:54]} 11. f3 {[%clk 0:02:28]}  c6 {[%clk 0:02:54]} 12. Bc4 {[%clk 0:02:25]}  Ke7 {[%clk 0:02:54]} 13. Nge2 {[%clk 0:02:24]}  a5 {[%clk 0:02:53]} 14. a3 {[%clk 0:02:24]}  Nc5 {[%clk 0:02:53]} 15. Rd2 {[%clk 0:02:20]}  Be6 {[%clk 0:02:43]} 16. Bxe6 {[%clk 0:02:18]}  Nxe6 {[%clk 0:02:44]} 17. Rhd1 {[%clk 0:02:17]}  Rhd8 {[%clk 0:02:42]} 18. Rxd8 {[%clk 0:02:08]}  Nxd8 {[%clk 0:02:41]} 19. Kd2 {[%clk 0:02:02]}  Ne6 {[%clk 0:02:40]} 20. Ke3 {[%clk 0:02:00]}  Nc5 {[%clk 0:02:38]} 21. b3 {[%clk 0:01:56]}  Nf7 {[%clk 0:02:37]} 22. g4 {[%clk 0:01:51]}  Nd6 {[%clk 0:02:34]} 23. h4 {[%clk 0:01:46]}  Ke6 {[%clk 0:02:28]} 24. Rh1 {[%clk 0:01:42]}  f5 {[%clk 0:02:26]} 25. gxf5+ {[%clk 0:01:38]}  gxf5 {[%clk 0:02:27]} 26. Rg1 {[%clk 0:01:33]}  f4+ {[%clk 0:02:20]} 27. Kf2 {[%clk 0:01:27]}  Kf6 {[%clk 0:02:13]} 28. Nc1 {[%clk 0:01:16]}  Rd8 {[%clk 0:02:09]} 29. Ke2 {[%clk 0:01:14]}  Ne6 {[%clk 0:02:06]} 30. Nd3 {[%clk 0:01:05]}  Nd4+ {[%clk 0:02:05]} 31. Kf2 {[%clk 0:01:01]}  Nxc2 {[%clk 0:01:58]} 32. Rg5 {[%clk 0:00:58]}  Nf7 {[%clk 0:01:54]} 33. Rf5+ {[%clk 0:00:55]}  Ke6 {[%clk 0:01:44]} 34. Nc5+ {[%clk 0:00:54]}  Ke7 {[%clk 0:01:44]} 35. Nxb7 {[%clk 0:00:42]}  Rd2+ {[%clk 0:01:43]} 36. Kf1 {[%clk 0:00:38]}  Ne3+ {[%clk 0:01:42]} 37. Ke1 {[%clk 0:00:36]}  Rc2 {[%clk 0:01:27]} 38. Rh5 {[%clk 0:00:32]}  Rxc3 {[%clk 0:01:26]} 39. Nxa5 {[%clk 0:00:32]}  Rc2 {[%clk 0:00:47]} 40. Rxh7 {[%clk 0:00:31]}  Kf6 {[%clk 0:00:47]} 41. h5 {[%clk 0:00:24]}  Nd8 {[%clk 0:00:47]} 42. Rh8 {[%clk 0:00:22]}  Ne6 {[%clk 0:00:47]} 43. Rc8 {[%clk 0:00:00]}  Nd4 {[%clk 0:00:46]} 0-1